00635nam a22002057a 450000500170000001000150001702000260003202000150005803500130007303500130008603700130009908200110011210000160012324501090013926000330024827000540028130000260033550000500036170000180041120180226162027.0 aENG-106599 a9788183822473c395.00 c450.00(AV) aEN-90132 aB-667681 bDBAD/PUB a954.01 aMehta, J.L. aHistory of ancient India :cby J.L. Mehta [ and ] Sarita Mehtab(from the earliest times to 1206 A.D.) / aNew DelhibLotus Pressc2013 a4263/3, Ansari Road, DaryaganjbNew Delhie110002 axvi, 815p.c22cm(pbk) aIncludes bibliographical references and index aMehta, Sarita